000 002520000a22000970004500
100 1 _aKidner, Derek
245 1 0 _aHow do we determine the messianic material in te Psalm?
300 _aVol. 6, Núm 2 (1988), Páginas 14
773 0 _tEvangel
942 _cANA
999 _c54306
_d54306